000 01182cam a2200313 i 4500
001 18318733
003 OSt
005 20250610111805.0
008 140929s2016 nyu b 001 0 eng
010 _a 2014037947
020 _a9781307868463
020 _a9780078034732 (alk. paper)
040 _aDLC
_beng
_cDLC
_erda
_dDLC
042 _apcc
050 0 0 _aHG6024.A3
_bS873 2016
082 0 0 _a332.6457
_bSUN/D
100 1 _aSundaram, Rangarajan K.
_eauthor.
_910586
245 1 0 _aDerivatives :
_bprinciples and practice /
_cRangarajan K. Sundaram, Stern School of Business, New York University, New York, NY, Sanjiv R. Das, leavey School of Business, Santa Clara University, Santa Clara, CA.
250 _aSecond edition.
264 1 _aIndia :
_bMcGraw-Hill Education,
_c[2022]
300 _ax, 798 pages ;
336 _atext
_btxt
_2rdacontent
337 _aunmediated
_bn
_2rdamedia
338 _avolume
_bnc
_2rdacarrier
504 _aIncludes bibliographic references (pages B-1-B-8) and index.
650 0 _aDerivative securities.
700 1 _aDas, Sanjiv R.
_q(Sanjiv Ranjan),
_eauthor.
942 _2ddc
_cBK
_h332.6457
_iSUN/D
_k332.6457
_mSUN/D
999 _c44505
_d44505